000 00598nam a2200229Ia 4500
003 OSt
005 20221007070921.0
006 a|||||r|||| 00| 0
007 ta
008 221006b |||||||| |||| 00| 0 eng d
024 _a15,163
037 _cTextual
040 _aFLL
_cFLL
_beng
041 _2eng
_aeng
082 _aX:95:Z212q, L9
100 _aSait M.A.
_9687940
245 0 _aKerala service rules
260 _aKerala
_bThe University of Kerala India
_c1979
300 _a341p
_ccm.
942 _hX:95:Z212q, L9
_cTEXL
_2CC
999 _c1141873
_d1141873